LEADER 01115nam a2200241 4500 001 000000353560 003 CaOOAMICUS 005 20230424125216.0 008 230421s1989 it a 000 u ita r 040 $aSeMil$bita 100 1 $aIsolani Manachini, Bianca.$0(OLS)http://semarc/name/117479 245 13$aIl D.N.A. di Eva :$bscienza e mito in biologia /$cBianca Isolani Manachini ; presentazione di Omiti Fancello ; prefazione di Pietro Omodeo. 264 1$aBergamo :$bEl Bagatt Edizioni,$c1989. 300 $aIX, 186 p., [12] carte di tav. :$bill. ;$c24 cm 650 4$aEvoluzione.$0(OLS)http://semarc/subject/12109 700 1 $aFancello, Omiti.$0(OLS)http://semarc/name/43749 700 1 $aOmodeo, Pietro.$0(OLS)http://semarc/name/31209 850 $aSeMil 852 $aSeMil$W1$xVenegono$y1$m3X IV 180$j242733$B244742$CSeMilBibl$Z2$F244742 $81 961 $aPolezzo Stefanin - Lascito 996 $6245$aIl D.N.A. di Eva :$bscienza e mito in biologia$9(OLS)http://semarc/title/148646 996 $6264$aBergamo :$bEl Bagatt Edizioni$9(OLS)http://semarc/publisher/44657 LEADER 01410nam a2200313 i 4500 001 000000041038 003 CaOOAMICUS 005 20200416163100.0 008 941122n it u000 u mul u 013 $a12208 020 $a88-311-9404-6 040 $aSeMil$bita 245 10$a2: Omelie sui Vangeli /$csan Gregorio Magno ; a cura di Giuseppe Cremascoli. 264 1$aRoma :$bCittà Nuova,$c1994. 300 $a608 p., [2] c. di tav. :$bill. ;$c24 cm 650 4$aBibbia. Nuovo Testamento. Vangeli - Commentari, studi, critica, interpretazioni.$0(OLS)http://semarc/subject/537 700 0 $aGregorius I,$c.$0(OLS)http://semarc/name/465 700 1 $aCremascoli, Giuseppe,$c.$0(OLS)http://semarc/name/3757 773 0 $aGregorius I, $tOpere di Gregorio Magno.$dRoma : Città Nuova, 1992-$bEdizione latino-italiana$g2$w()1382 850 $aSeMil 852 $aSeMil$W1$xVenegono$y1$mSL1.V V 42$j7193$B7193$CSeMilBibl$Z2$F7193 $8I 900 0 $aGregorio : Magno$c. 900 0 $aGregorio I$c. 996 $6020$a88-311-9404-6$9(OLS)http://semarc/number/79127 996 $6245$a2: Omelie sui Vangeli$9(OLS)http://semarc/title/59223 996 $6264$aRoma :$bCittà Nuova$9(OLS)http://semarc/publisher/29609